[Event "Tamil Nadu IM 17th"]
[Site "Karaikudi"]
[Date "2024.02.08"]
[Round "4"]
[White "Hemanth, Raam"]
[Black "Lokesh, N1."]
[Result "1/2-1/2"]
[WhiteElo "2268"]
[BlackElo "2217"]
[PlyCount "119"]
[EventDate "2024.02.06"]
[EventType "tourn"]
[EventRounds "9"]
[EventCountry "IND"]
[SourceTitle "CB07_2024"]
[SourceDate "2024.02.14"]
[SourceVersion "1"]
[SourceVersionDate "2024.02.14"]
[SourceQuality "1"]

1. e4 e5 2. Nf3 Nc6 3. d4 exd4 4. Nxd4 Nf6 5. Nxc6 bxc6 6. Nd2 d5 7. exd5 cxd5 8. Bb5+ Bd7 9. Bxd7+ Qxd7 10. 0-0 Be7 11. b3 0-0 12. Qf3 a5 13. a4 Bb4 14. Qd3 Rfe8 15. Bb2 Qc6 16. Nf3 Ne4 17. Nd4 Qf6 18. Rad1 c5 19. c3 c4 20. bxc4 dxc4 21. Qxc4 Rac8 22. Qb3 Bxc3 23. Bxc3 Nxc3 24. Rd3 Ne4 25. Qd1 Red8 26. Nb5 h6 27. h3 Qb6 28. Rxd8+ Rxd8 29. Qc2 f5 30. Re1 Kh7 31. Re2 Qf6 32. Qc1 Rd5 33. Rc2 Qh4 34. Qe3 Rd1+ 35. Kh2 Nf6 36. f3 Qxa4 37. Rc5 Nd5 38. Qe5 Qf4+ 39. Qxf4 Nxf4 40. Rc2 Nd3 41. Ra2 Nb4 42. Ra4 Rd5 43. Nc3 Rc5 44. Ne2 Nc6 45. Kg3 g5 46. f4 Rc2 47. Kf3 Kg6 48. g4 gxf4 49. Nxf4+ Kg5 50. Nd5 Ne5+ 51. Kg3 fxg4 52. h4+ Kg6 53. Rxa5 Rc4 54. Ra6+ Kg7 55. h5 Rc5 56. Ra7+ Kf8 57. Nf6 Rc4 58. Nd7+ Nxd7 59. Rxd7 Kg8 60. Ra7 1/2-1/2

[Event "Tamil Nadu IM 11th"]
[Site "Chennai"]
[Date "2024.01.13"]
[Round "8"]
[White "Hemanth, Raam"]
[Black "Ziatdinov, Raset"]
[Result "1-0"]
[WhiteElo "2161"]
[BlackElo "2100"]
[PlyCount "85"]
[EventDate "2024.01.09"]
[EventType "tourn"]
[EventRounds "9"]
[EventCountry "IND"]
[SourceTitle "CB03_2024"]
[SourceDate "2024.01.17"]
[SourceVersion "1"]
[SourceVersionDate "2024.01.17"]
[SourceQuality "1"]

1. e4 e5 2. Nf3 Nc6 3. d4 exd4 4. Nxd4 Nf6 5. Nxc6 bxc6 6. e5 Qe7 7. Qe2 Nd5 8. h4 a5 9. c4 Ba6 10. h5 Nb6 11. Nd2 0-0-0 12. b3 f6 13. Bb2 fxe5 14. 0-0-0 d6 15. g3 Qe8 16. Bg2 Kb8 17. f4 exf4 18. Qxe8 Rxe8 19. Bxc6 Re7 20. g4 Bc8 21. g5 Rg8 22. Rdf1 Bd7 23. Be4 g6 24. Bf6 Rf7 25. Rxf4 Be7 26. hxg6 hxg6 27. Rhf1 Be8 28. Nf3 c6 29. Nh4 Rh7 30. Nf3 Kc7 31. Nd4 Bd7 32. Rh1 Rxh1+ 33. Bxh1 Bxf6 34. Rxf6 c5 35. Ne2 Bf5 36. Nf4 a4 37. Bd5 Rh8 38. Rf7+ Kc8 39. bxa4 Nxd5 40. Nxd5 Rh4 41. a5 Rxc4+ 42. Kb2 Rd4 43. Ne7+ 1-0

[Event "Tamil Nadu IM 11th"]
[Site "Chennai"]
[Date "2024.01.13"]
[Round "7"]
[White "Lokesh, N1."]
[Black "Hemanth, Raam"]
[Result "0-1"]
[WhiteElo "2140"]
[BlackElo "2161"]
[PlyCount "110"]
[EventDate "2024.01.09"]
[EventType "tourn"]
[EventRounds "9"]
[EventCountry "IND"]
[SourceTitle "CB03_2024"]
[SourceDate "2024.01.17"]
[SourceVersion "1"]
[SourceVersionDate "2024.01.17"]
[SourceQuality "1"]

1. e4 e5 2. Nf3 Nc6 3. Bc4 Nf6 4. d3 h6 5. 0-0 d6 6. a4 g6 7. Re1 Bg7 8. c3 0-0 9. Nbd2 Kh8 10. Nf1 a6 11. b4 d5 12. exd5 Nxd5 13. Qb3 Be6 14. Ne3 Nf4 15. Bxe6 fxe6 16. Ng4 Nxd3 17. Re2 h5 18. Bg5 Qd5 19. c4 Qd7 20. Rd1 hxg4 21. Nh4 Rfd8 22. Nxg6+ Kh7 23. Bxd8 Rxd8 24. b5 axb5 25. cxb5 Nd4 26. Nf8+ Rxf8 27. Qxd3+ Kg8 28. Re4 Qd5 29. Rxg4 Qa2 30. Rf1 Qxa4 31. Qg6 Rf7 32. h4 Qxb5 33. Ra1 Kf8 34. Ra8+ Ke7 35. Qg5+ Bf6 36. Qg8 Qd7 37. Qb8 Nf5 38. Qxb7 Rh7 39. g3 Nd4 40. Qe4 Rf7 41. Rgg8 Qd5 42. Rge8+ Kd7 43. Qg6 Nf3+ 44. Kf1 Qc4+ 45. Kg2 Nxh4+ 46. gxh4 Rg7 47. Red8+ Kc6 48. Qxg7 Bxg7 49. Rg8 Qg4+ 50. Kf1 Qd1+ 51. Kg2 Bf6 52. Rg6 Qd5+ 53. f3 Bxh4 54. Ra6+ Kd7 55. Rg7+ Be7 0-1

[Event "Tamil Nadu IM 7th"]
[Site "Chennai"]
[Date "2023.11.26"]
[Round "1"]
[White "Hemanth, Raam"]
[Black "Chitlange, Sakshi"]
[Result "1/2-1/2"]
[WhiteElo "2230"]
[BlackElo "2224"]
[PlyCount "140"]
[EventDate "2023.11.26"]
[EventType "tourn"]
[EventRounds "9"]
[EventCountry "IND"]
[EventCategory "1"]
[SourceTitle "CB49_2023"]
[SourceDate "2023.12.06"]
[SourceVersion "1"]
[SourceVersionDate "2023.12.06"]
[SourceQuality "1"]

1. e4 c6 2. d4 d5 3. exd5 cxd5 4. c4 Nf6 5. Nc3 e6 6. Nf3 Bb4 7. Bd3 dxc4 8. Bxc4 0-0 9. 0-0 b6 10. Qd3 Bb7 11. Bg5 Nbd7 12. Rad1 Bxc3 13. bxc3 Qc7 14. Bb3 Ng4 15. d5 exd5 16. Qf5 Ngf6 17. Be3 Rfe8 18. Bd4 Re7 19. Rfe1 Rae8 20. Rxe7 Rxe7 21. h4 Qc6 22. Bc2 h6 23. Qf4 Ne4 24. Re1 Re6 25. Re3 Qd6 26. Qg4 Ndf6 27. Qh3 Re8 28. Ba4 Bc8 29. Qh2 Qxh2+ 30. Nxh2 Bd7 31. Bb3 Bc6 32. Nf1 Ng4 33. Re1 Nd6 34. Rxe8+ Nxe8 35. f3 Ngf6 36. Ne3 Kf8 37. g4 g6 38. g5 hxg5 39. hxg5 Nh7 40. f4 f6 41. Nxd5 fxg5 42. fxg5 Nxg5 43. Kf2 Ne6 44. Be5 Nc5 45. Nb4 Bb7 46. Bc4 Ke7 47. Kg3 Nf6 48. Kf4 Ne6+ 49. Kg3 a5 50. Nd3 Nd7 51. Bh8 Kd6 52. Nf4 Nxf4 53. Kxf4 Bd5 54. Bd3 Bxa2 55. Bxg6 Bc4 56. Ke3 a4 57. Kd2 b5 58. Bg7 Ke6 59. Bd4 Nb8 60. Be4 Kd6 61. Kc1 Bd5 62. Bd3 Kc6 63. Kb2 Na6 64. Ka3 Bb3 65. Be4+ Kd6 66. Bb6 Bd5 67. Bd3 Kc6 68. Bd4 Bb3 69. Be4+ Bd5 70. Bd3 Bb3 1/2-1/2

[Event "Tamil Nadu IM 6th"]
[Site "Chennai"]
[Date "2023.11.21"]
[Round "5"]
[White "Gochelashvili, David"]
[Black "Hemanth, Raam"]
[Result "1-0"]
[WhiteElo "2304"]
[BlackElo "2230"]
[PlyCount "71"]
[EventDate "2023.11.19"]
[EventType "tourn"]
[EventRounds "9"]
[EventCountry "IND"]
[EventCategory "1"]
[SourceTitle "CB48_2023"]
[SourceDate "2023.11.29"]
[SourceVersion "1"]
[SourceVersionDate "2023.11.29"]
[SourceQuality "1"]

1. e4 e5 2. Nf3 Nc6 3. Bc4 Nf6 4. d3 h6 5. 0-0 d6 6. a4 g6 7. Bd2 Bg7 8. b4 0-0 9. b5 Ne7 10. Re1 Nh5 11. Bc3 c5 12. bxc6 bxc6 13. Nbd2 Kh7 14. d4 d5 15. Ba2 f5 16. exd5 e4 17. dxc6 Nxc6 18. Ne5 Nxe5 19. dxe5 Nf4 20. Re3 Bb7 21. Rb1 Bc6 22. Ba1 Rc8 23. Nc4 Qxd1+ 24. Rxd1 Bxa4 25. Ra3 Rfd8 26. Rxd8 Rxd8 27. Nd6 Bd7 28. Rxa7 Be6 29. g3 Bxa2 30. gxf4 Be6 31. Re7 Ra8 32. Bd4 Ra4 33. c4 Bxc4 34. e6 Bxe6 35. Rxg7+ Kh8 36. Be5 1-0

[Event "Belgrade Serbia op"]
[Site "Belgrade"]
[Date "2023.07.21"]
[Round "6"]
[White "Hemanth, Raam"]
[Black "Heinemann, Josefine"]
[Result "1/2-1/2"]
[WhiteElo "2042"]
[BlackElo "2297"]
[PlyCount "57"]
[EventDate "2023.07.16"]
[EventType "swiss"]
[EventRounds "9"]
[EventCountry "SRB"]
[SourceTitle "CBM 215 Extra"]
[Source "ChessBase"]
[SourceDate "2023.09.30"]
[SourceVersion "1"]
[SourceVersionDate "2023.09.30"]
[SourceQuality "1"]

1. e4 c5 2. Nf3 d6 3. Bb5+ Nd7 4. c4 Ngf6 5. Nc3 g6 6. 0-0 Bg7 7. d3 0-0 8. a3 Nb6 9. Na4 a6 10. Nxb6 Qxb6 11. Ba4 Qc7 12. Rb1 Rb8 13. h3 b5 14. Bc2 bxc4 15. dxc4 Nd7 16. Qe2 a5 17. Re1 Ba6 18. a4 Rb4 19. b3 Nb8 20. Bf4 Nc6 21. Rbd1 Bc3 22. Bd2 Bxd2 23. Qxd2 Kg7 24. e5 Nxe5 25. Nxe5 dxe5 26. Qd7 Rb7 27. Qxc7 Rxc7 28. Rxe5 Bb7 29. Re2 1/2-1/2

[Event "Penang op-A 14th"]
[Site "Penang"]
[Date "2022.12.22"]
[Round "6"]
[White "Harikrishnan, A Ra"]
[Black "Hemanth, Raam"]
[Result "1/2-1/2"]
[WhiteElo "2409"]
[BlackElo "1944"]
[PlyCount "83"]
[EventDate "2022.12.19"]
[EventType "swiss"]
[EventRounds "9"]
[EventCountry "MAS"]
[SourceTitle "CBM 211 Extra"]
[Source "ChessBase"]
[SourceDate "2023.01.31"]
[SourceVersion "1"]
[SourceVersionDate "2023.01.31"]
[SourceQuality "1"]

1. d4 Nf6 2. c4 c5 3. d5 e6 4. Nc3 exd5 5. cxd5 d6 6. Nf3 g6 7. e4 Bg7 8. Nd2 Nbd7 9. Be2 0-0 10. 0-0 Re8 11. a4 b6 12. f4 a6 13. Bf3 Rb8 14. Nc4 Qc7 15. Na3 c4 16. Be3 Nc5 17. Nxc4 Ncxe4 18. Nxe4 Nxe4 19. Rc1 Qd8 20. Nxb6 Bd7 21. Nc4 Nc5 22. Bxc5 dxc5 23. b3 Bd4+ 24. Kh1 Qf6 25. Ne5 Bxe5 26. fxe5 Qxe5 27. Rxc5 Bf5 28. Rc6 a5 29. Rc5 Rb4 30. Rc4 Rb6 31. Bg4 Bxg4 32. Rxg4 Rd6 33. Rd4 Red8 34. Re1 Qf5 35. h3 Rxd5 36. Rxd5 Rxd5 37. Re8+ Kg7 38. Qa1+ Kh6 39. Qc1+ Kg7 40. Qa1+ Kh6 41. Qc1+ Kg7 42. Qa1+ 1/2-1/2

[Event "Raipur Chhattisgarh"]
[Site "Raipur"]
[Date "2022.09.25"]
[Round "7"]
[White "Bommini, Mounika Akshaya"]
[Black "Hemanth, Raam"]
[Result "1-0"]
[WhiteElo "2152"]
[BlackElo "1983"]
[PlyCount "95"]
[EventDate "2022.09.19"]
[EventType "swiss"]
[EventRounds "10"]
[EventCountry "IND"]
[SourceTitle "CBM 210 Extra"]
[Source "ChessBase"]
[SourceDate "2022.11.30"]
[SourceVersion "1"]
[SourceVersionDate "2022.11.30"]
[SourceQuality "1"]

1. d4 d5 2. Bf4 c5 3. e3 Nc6 4. c3 Nf6 5. Nd2 e6 6. Ngf3 Bd6 7. Bg3 0-0 8. Bd3 Re8 9. Ne5 Qc7 10. f4 c4 11. Bc2 Ne7 12. 0-0 Ng6 13. e4 Nxe4 14. Nxe4 dxe4 15. Bxe4 Rb8 16. a4 b6 17. Qe2 Ba6 18. b4 Bxe5 19. fxe5 Bb7 20. d5 Qd7 21. d6 Bxe4 22. Qxe4 Rbc8 23. h4 Qc6 24. Qe3 Nf8 25. Qf4 Qd7 26. Rf2 Rb8 27. Qxc4 h5 28. Qe2 g6 29. Qe3 Rec8 30. Bf4 Nh7 31. Raf1 Rb7 32. Bh6 Qxa4 33. Qg3 Rf8 34. Bxf8 Nxf8 35. Rf4 Qe8 36. Qf3 Rd7 37. Rc4 Qd8 38. Rf4 Qe8 39. c4 g5 40. hxg5 Ng6 41. Re4 h4 42. c5 bxc5 43. bxc5 Qc8 44. Qc3 Qc6 45. Rb4 Kg7 46. Rb8 h3 47. Qxh3 Qxc5+ 48. Kh1 1-0